| 000 | 00360nmm a2200145 a 4500 | ||
|---|---|---|---|
| 003 | AR-BaBNM | ||
| 005 | 20251128203135.0 | ||
| 008 | 054019s1920 ||||||||||||||000 | spa|| | ||
| 040 | _cAR-BaBNM | ||
| 100 | 1 |
_aColmo, Alfredo _d1878-1934 |
|
| 245 | 1 | 0 | _aDe las obligaciones en general |
| 260 |
_a[S.l.] _bJ. Menéndez _c1920 |
||
| 942 | _cBK | ||
| 998 | _cArchipretre | ||
| 999 |
_c2090 _d2090 |
||